000 00779cam a22002534a 4500
999 _c7708
_d7708
001 7708
003 BD-JhCC
005 20180213115122.0
008 031030s2004 enk b 000 0 eng
020 _a1857883330 (alk. paper)
035 _a(BD-JhCC)7708
040 _aDLC
_cDLC
_dDLC
_dBD-JhCC
041 _aeng
050 0 0 _aZ7164.S92
_bB88 2004
_aBJ1611.2
082 0 0 _a016.158
_222
_bBUT 2004
100 1 _aButler-Bowdon, Tom,
_d1967-
245 1 0 _a50 success classics :
_bwinning wisdom for work and life from 50 landmark books /
_cTom Butler-Bowdon.
246 3 _aFifty success classics
260 _aLondon ;
_aYarmouth, Me. :
_bNicholas Brealey Pub.,
_c2004.
300 _avi, 315 p. ;
_c24 cm.
650 0 _aSuccess
_vBibliography.
942 _2ddc
_cBK